| 000 | 01134nmm a2200337 a 4500 | ||
|---|---|---|---|
| 003 | AR-BaBNM | ||
| 005 | 20251128210632.0 | ||
| 008 | 011020s1998 ||||||||||||||000 | spa|| | ||
| 020 | _a950-16-2060-3 | ||
| 040 | _cAR-BaBNM | ||
| 100 | 1 | _aDi Tella, Torcuato S. | |
| 245 | 1 | 0 | _aHistoria social de la Argentina contemporánea |
| 260 |
_aBuenos Aires _bTroquel _c1998 |
||
| 300 | 0 | _a445 p. | |
| 500 | 0 | _aTirada especial para la Red Federal de Formación Docente Continua. Ministerio de Cultura y Educación de la Nación | |
| 500 | 0 | _aEjemplar de distribución gratuita por el Ministerio de Cultura y Educación de la Nación | |
| 500 | 0 | _aLibros distribuidos por el MECYT en el marco del PROMSE 2004-2005 | |
| 650 | 4 | _aHISTORIA ARGENTINA | |
| 650 | 4 | _aSOCIOLOGIA CULTURAL | |
| 650 | 4 | _aHISTORIA SOCIAL | |
| 650 | 4 | _aSIGLO VEINTE | |
| 650 | 4 | _aINMIGRACION EN ARGENTINA | |
| 650 | 4 | _aPROBLEMAS SOCIALES | |
| 650 | 4 | _aIDENTIDAD CULTURAL | |
| 650 | 4 | _aRELACIONES SOCIALES | |
| 650 | 4 | _aHISTORIA POLITICA | |
| 650 | 4 | _aPRESIDENCIAS ARGENTINAS | |
| 650 | 4 | _aHISTORIA ECONOMICA | |
| 942 | _cBK | ||
| 998 | _cMariana | ||
| 999 |
_c16281 _d16281 |
||